[Event "Amateur Tournament (ATO)"]
[Site "https://www.chess.com"]
[Date "2025.07.19"]
[Round "5"]
[White "Luedi, Paul"]
[Black "Srirasa, Srisaaru"]
[Result "0-1"]
[Board "40"]
[WhiteFideId "1319930"]
[BlackFideId "1374036"]
[WhiteElo "1716"]
[BlackElo "1400"]
[WhiteTeam "SUI"]
[BlackTeam "SUI"]
[WhiteClock "0:20:48"]
[BlackClock "0:04:06"]
[Variant "Standard"]

1. d4 {[%clk 1:30:56]}  d5 {[%clk 1:30:56]} 2. c4 {[%clk 1:31:09]}  e6 {[%clk 1:31:21]} 3. Nc3 {[%clk 1:31:22]}  Nf6 {[%clk 1:31:43]} 4. cxd5 {[%clk 1:31:24]}  exd5 {[%clk 1:32:04]} 5. Bg5 {[%clk 1:31:32]}  Be7 {[%clk 1:31:50]} 6. e3 {[%clk 1:31:28]}  h6 {[%clk 1:32:13]} 7. Bh4 {[%clk 1:31:18]}  Bf5 {[%clk 1:28:24]} 8. Qb3 {[%clk 1:28:58]}  Nbd7 {[%clk 1:10:32]} 9. Nf3 {[%clk 1:14:57]}  Nb6 {[%clk 1:06:12]} 10. Ne5 {[%clk 1:11:55]}  O-O {[%clk 0:59:59]} 11. Be2 {[%clk 1:10:34]}  c6 {[%clk 0:55:01]} 12. Bg3 {[%clk 1:04:40]}  Bd6 {[%clk 0:46:45]} 13. Rc1 {[%clk 1:01:46]}  Re8 {[%clk 0:46:28]} 14. O-O {[%clk 0:58:26]}  Qb8 {[%clk 0:43:20]} 15. f4 {[%clk 0:53:56]}  Ne4 {[%clk 0:40:50]} 16. Nxe4 {[%clk 0:51:37]}  Bxe4 {[%clk 0:41:13]} 17. Bf3 {[%clk 0:47:14]}  Bxf3 {[%clk 0:40:58]} 18. Rxf3 {[%clk 0:47:25]}  f6 {[%clk 0:40:59]} 19. Ng4 {[%clk 0:46:34]}  h5 {[%clk 0:35:43]} 20. Nf2 {[%clk 0:45:05]}  Nc4 {[%clk 0:36:38]} 21. Rd1 {[%clk 0:40:47]}  f5 {[%clk 0:28:54]} 22. Nh3 {[%clk 0:39:57]}  Be7 {[%clk 0:23:00]} 23. Be1 {[%clk 0:36:02]}  Qc7 {[%clk 0:20:57]} 24. Qc3 {[%clk 0:34:33]}  Bf6 {[%clk 0:19:24]} 25. b3 {[%clk 0:34:30]}  Nd6 {[%clk 0:19:41]} 26. Nf2 {[%clk 0:31:51]}  Re7 {[%clk 0:18:28]} 27. Qc2 {[%clk 0:31:13]}  Rae8 {[%clk 0:17:58]} 28. Qc3 {[%clk 0:31:13]}  Ra8 {[%clk 0:18:28]} 29. Qc2 {[%clk 0:31:13]}  Rae8 {[%clk 0:17:58]} 30. Bd2 {[%clk 0:29:27]}  g6 {[%clk 0:15:39]} 31. Nd3 {[%clk 0:25:02]}  Ne4 {[%clk 0:09:20]} 32. Bb4 {[%clk 0:23:14]}  Re6 {[%clk 0:09:18]} 33. Ne5 {[%clk 0:22:33]}  Bxe5 {[%clk 0:07:47]} 34. dxe5 {[%clk 0:22:36]}  Rd8 {[%clk 0:07:15]} 35. Kh1 {[%clk 0:20:48]}  Kg7 {[%clk 0:04:06]} 0-1

[Event "Amateur Tournament (ATO)"]
[Site "https://www.chess.com"]
[Date "2025.07.19"]
[Round "5"]
[White "Muehlemann, Walter"]
[Black "Lachausse, Bruno"]
[Result "0-1"]
[Board "42"]
[WhiteFideId "1307010"]
[BlackFideId "1313231"]
[WhiteElo "1624"]
[BlackElo "1761"]
[WhiteTeam "SUI"]
[BlackTeam "SUI"]
[WhiteClock "0:40:44"]
[BlackClock "0:03:26"]
[Variant "Standard"]

1. e4 {[%clk 1:30:48]}  c5 {[%clk 1:29:21]} 2. Nf3 {[%clk 1:31:06]}  e6 {[%clk 1:29:33]} 3. Nc3 {[%clk 1:30:26]}  Nc6 {[%clk 1:29:28]} 4. d3 {[%clk 1:28:54]}  Nf6 {[%clk 1:29:01]} 5. Bg5 {[%clk 1:27:45]}  Be7 {[%clk 1:27:40]} 6. Be2 {[%clk 1:27:40]}  O-O {[%clk 1:23:49]} 7. O-O {[%clk 1:27:50]}  d5 {[%clk 1:23:47]} 8. e5 {[%clk 1:25:02]}  Nd7 {[%clk 1:22:30]} 9. Bf4 {[%clk 1:24:18]}  a6 {[%clk 1:21:36]} 10. Re1 {[%clk 1:23:10]}  Qc7 {[%clk 1:18:56]} 11. Bf1 {[%clk 1:22:11]}  b5 {[%clk 1:18:06]} 12. a3 {[%clk 1:21:03]}  Bb7 {[%clk 1:17:31]} 13. Qd2 {[%clk 1:17:32]}  Rac8 {[%clk 1:12:30]} 14. Rac1 {[%clk 1:15:03]}  Qb8 {[%clk 1:07:13]} 15. Na2 {[%clk 1:11:47]}  Rfd8 {[%clk 0:55:17]} 16. Bg5 {[%clk 1:03:06]}  Nb6 {[%clk 0:46:19]} 17. h4 {[%clk 0:40:44]}  h6 {[%clk 0:03:26]} 0-1

[Event "Amateur Tournament (ATO)"]
[Site "https://www.chess.com"]
[Date "2025.07.19"]
[Round "5"]
[White "Suwendo, Poedjo"]
[Black "Moreno Enric"]
[Result "1-0"]
[Board "43"]
[WhiteFideId "1309803"]
[BlackFideId "1365690"]
[WhiteElo "1719"]
[BlackElo "1592"]
[WhiteTeam "SUI"]
[BlackTeam "SUI"]
[WhiteClock "0:22:22"]
[BlackClock "0:49:52"]
[Variant "Standard"]

1. e4 {[%clk 1:30:47]}  e5 {[%clk 1:30:55]} 2. Nf3 {[%clk 1:31:11]}  Nc6 {[%clk 1:31:23]} 3. Bc4 {[%clk 1:30:43]}  Nf6 {[%clk 1:31:32]} 4. d3 {[%clk 1:30:31]}  Bc5 {[%clk 1:31:34]} 5. O-O {[%clk 1:27:24]}  d6 {[%clk 1:30:11]} 6. c3 {[%clk 1:25:56]}  O-O {[%clk 1:28:21]} 7. b4 {[%clk 1:24:43]}  Bg4 {[%clk 1:25:17]} 8. bxc5 {[%clk 1:24:23]}  dxc5 {[%clk 1:25:02]} 9. Be3 {[%clk 1:24:08]}  b6 {[%clk 1:25:16]} 10. Nbd2 {[%clk 1:23:19]}  Qe7 {[%clk 1:25:18]} 11. Qc2 {[%clk 1:11:28]}  Rad8 {[%clk 1:20:49]} 12. a4 {[%clk 1:09:41]}  Rd6 {[%clk 1:19:50]} 13. h3 {[%clk 1:09:09]}  Bxf3 {[%clk 1:17:15]} 14. Nxf3 {[%clk 1:09:23]}  Rfd8 {[%clk 1:17:28]} 15. Rad1 {[%clk 1:09:29]}  Nh5 {[%clk 1:15:46]} 16. Bg5 {[%clk 1:05:07]}  Nf6 {[%clk 1:15:38]} 17. Nh4 {[%clk 1:04:17]}  g6 {[%clk 1:15:00]} 18. Nf3 {[%clk 1:03:18]}  Kg7 {[%clk 1:14:42]} 19. Qc1 {[%clk 1:03:00]}  Kh8 {[%clk 1:14:30]} 20. Nh2 {[%clk 1:03:10]}  h5 {[%clk 1:11:24]} 21. Nf3 {[%clk 0:59:39]}  Na5 {[%clk 1:08:45]} 22. Ba2 {[%clk 0:30:30]}  Rxd3 {[%clk 0:59:28]} 23. Rxd3 {[%clk 0:27:04]}  Rxd3 {[%clk 0:59:04]} 24. Bxf7 {[%clk 0:23:11]}  Rxf3 {[%clk 0:50:05]} 25. Bxf6+ {[%clk 0:22:06]}  Rxf6 {[%clk 0:49:52]} 26. Qh6# {[%clk 0:22:22]} 1-0

[Event "Amateur Tournament (ATO)"]
[Site "https://www.chess.com"]
[Date "2025.07.19"]
[Round "5"]
[White "Archit Saigal"]
[Black "Kern, Beat"]
[Result "1-0"]
[Board "44"]
[WhiteFideId "46631291"]
[BlackFideId "829072"]
[WhiteElo "1494"]
[BlackElo "1695"]
[WhiteTeam "IND"]
[BlackTeam "SUI"]
[WhiteClock "0:07:17"]
[BlackClock "0:28:26"]
[Variant "Standard"]

1. e4 {[%clk 1:24:20]}  e5 {[%clk 1:30:46]} 2. Nf3 {[%clk 1:24:45]}  Nf6 {[%clk 1:30:54]} 3. Nxe5 {[%clk 1:24:32]}  d6 {[%clk 1:31:02]} 4. Nf3 {[%clk 1:24:34]}  Nxe4 {[%clk 1:31:01]} 5. Nc3 {[%clk 1:24:13]}  Nxc3 {[%clk 1:30:15]} 6. dxc3 {[%clk 1:24:33]}  Be7 {[%clk 1:30:11]} 7. Be3 {[%clk 1:21:08]}  Nd7 {[%clk 1:27:16]} 8. Qd2 {[%clk 1:16:34]}  Nf6 {[%clk 1:25:43]} 9. O-O-O {[%clk 1:13:09]}  O-O {[%clk 1:24:24]} 10. Bd3 {[%clk 1:10:36]}  Be6 {[%clk 1:22:34]} 11. Kb1 {[%clk 1:08:06]}  c6 {[%clk 1:16:14]} 12. Nd4 {[%clk 1:03:56]}  Qc8 {[%clk 1:05:38]} 13. Nxe6 {[%clk 0:58:22]}  Qxe6 {[%clk 0:59:44]} 14. Rhe1 {[%clk 0:50:58]}  Qd7 {[%clk 0:57:04]} 15. Bg5 {[%clk 0:44:26]}  Rfe8 {[%clk 0:56:47]} 16. Re3 {[%clk 0:41:43]}  Nd5 {[%clk 0:54:50]} 17. Rh3 {[%clk 0:34:44]}  g6 {[%clk 0:43:20]} 18. Bxe7 {[%clk 0:27:08]}  Rxe7 {[%clk 0:41:15]} 19. Qh6 {[%clk 0:21:16]}  f5 {[%clk 0:40:12]} 20. g4 {[%clk 0:14:49]}  fxg4 {[%clk 0:35:01]} 21. Rh4 {[%clk 0:14:43]}  Rae8 {[%clk 0:31:13]} 22. Bxg6 {[%clk 0:07:12]}  Re1 {[%clk 0:28:30]} 23. Bxh7+ {[%clk 0:06:53]}  Qxh7 {[%clk 0:28:26]} 24. Qxh7+ {[%clk 0:07:17]} 1-0

[Event "Amateur Tournament (ATO)"]
[Site "https://www.chess.com"]
[Date "2025.07.19"]
[Round "5"]
[White "Juchler, Celine"]
[Black "Jakob, Dominic"]
[Result "1-0"]
[Board "45"]
[WhiteFideId "1301136"]
[BlackFideId "1346920"]
[WhiteElo "1654"]
[BlackElo "1598"]
[WhiteTeam "SUI"]
[BlackTeam "SUI"]
[WhiteClock "1:18:48"]
[BlackClock "1:08:57"]
[Variant "Standard"]

1. e4 {[%clk 1:30:57]}  e6 {[%clk 1:30:38]} 2. d4 {[%clk 1:31:22]}  d5 {[%clk 1:31:01]} 3. e5 {[%clk 1:31:46]}  c5 {[%clk 1:31:19]} 4. c3 {[%clk 1:31:25]}  Nc6 {[%clk 1:31:28]} 5. Nf3 {[%clk 1:31:26]}  Qb6 {[%clk 1:30:47]} 6. Bd3 {[%clk 1:29:35]}  cxd4 {[%clk 1:28:08]} 7. cxd4 {[%clk 1:29:26]}  Bb4+ {[%clk 1:25:40]} 8. Nc3 {[%clk 1:29:25]}  Bd7 {[%clk 1:23:44]} 9. O-O {[%clk 1:27:20]}  Nge7 {[%clk 1:18:50]} 10. Na4 {[%clk 1:24:27]}  Qc7 {[%clk 1:14:44]} 11. a3 {[%clk 1:24:08]}  Ba5 {[%clk 1:14:47]} 12. b4 {[%clk 1:21:24]}  Bb6 {[%clk 1:13:43]} 13. Be3 {[%clk 1:19:14]}  O-O {[%clk 1:08:57]} 14. Bxh7+ {[%clk 1:18:48]} 1-0

[Event "Amateur Tournament (ATO)"]
[Site "https://www.chess.com"]
[Date "2025.07.19"]
[Round "5"]
[White "Barros, Gustavo"]
[Black "Harte, Bernd"]
[Result "1-0"]
[Board "46"]
[WhiteFideId "1368125"]
[BlackFideId "1356399"]
[WhiteElo "1658"]
[BlackElo "1646"]
[WhiteTeam "SUI"]
[BlackTeam "SUI"]
[WhiteClock "0:22:11"]
[BlackClock "0:45:38"]
[Variant "Standard"]

1. d4 {[%clk 1:30:38]}  d5 {[%clk 1:30:22]} 2. c4 {[%clk 1:30:37]}  e6 {[%clk 1:29:57]} 3. Nc3 {[%clk 1:30:31]}  Bb4 {[%clk 1:29:54]} 4. Nf3 {[%clk 1:28:14]}  Nc6 {[%clk 1:29:21]} 5. a3 {[%clk 1:24:58]}  Bxc3+ {[%clk 1:28:37]} 6. bxc3 {[%clk 1:25:14]}  h6 {[%clk 1:27:50]} 7. Bf4 {[%clk 1:24:19]}  Nge7 {[%clk 1:26:10]} 8. e3 {[%clk 1:21:58]}  Ng6 {[%clk 1:25:40]} 9. Bg3 {[%clk 1:21:25]}  O-O {[%clk 1:25:15]} 10. Bd3 {[%clk 1:17:42]}  b6 {[%clk 1:23:59]} 11. cxd5 {[%clk 1:13:12]}  exd5 {[%clk 1:23:22]} 12. Qc2 {[%clk 1:12:09]}  Nce7 {[%clk 1:21:14]} 13. O-O {[%clk 1:11:19]}  Bb7 {[%clk 1:19:26]} 14. Rab1 {[%clk 1:05:30]}  Rc8 {[%clk 1:18:08]} 15. Ne5 {[%clk 1:01:56]}  Nxe5 {[%clk 1:17:12]} 16. Bxe5 {[%clk 1:02:23]}  f6 {[%clk 1:16:56]} 17. Bf4 {[%clk 1:00:39]}  Kh8 {[%clk 1:15:30]} 18. Qe2 {[%clk 0:58:38]}  Re8 {[%clk 1:13:24]} 19. Qh5 {[%clk 0:55:20]}  Kg8 {[%clk 1:12:05]} 20. h4 {[%clk 0:43:36]}  c5 {[%clk 1:06:45]} 21. g4 {[%clk 0:35:50]}  cxd4 {[%clk 1:06:45]} 22. cxd4 {[%clk 0:35:50]}  Rc3 {[%clk 1:04:11]} 23. Rbd1 {[%clk 0:35:40]}  Rxd3 {[%clk 1:04:19]} 24. Rxd3 {[%clk 0:33:04]}  Ba6 {[%clk 1:04:19]} 25. Rdd1 {[%clk 0:33:04]}  Bxf1 {[%clk 1:04:27]} 26. Rxf1 {[%clk 0:33:32]}  g5 {[%clk 1:02:19]} 27. hxg5 {[%clk 0:29:41]}  hxg5 {[%clk 0:56:22]} 28. Bg3 {[%clk 0:29:28]}  Kg7 {[%clk 0:56:25]} 29. Qh1 {[%clk 0:28:35]}  Qc8 {[%clk 0:54:11]} 30. Qf3 {[%clk 0:27:12]}  Qc3 {[%clk 0:53:44]} 31. Bd6 {[%clk 0:24:54]}  Qc6 {[%clk 0:51:02]} 32. Bxe7 {[%clk 0:22:11]}  Kf7 {[%clk 0:45:38]} 1-0

[Event "Amateur Tournament (ATO)"]
[Site "https://www.chess.com"]
[Date "2025.07.21"]
[Round "6"]
[White "Tkhoruk, Roman"]
[Black "Tereshchenko, Eliza"]
[Result "1-0"]
[Board "1"]
[WhiteFideId "34161589"]
[BlackFideId "34389890"]
[WhiteElo "1893"]
[BlackElo "1874"]
[WhiteTeam "SUI"]
[BlackTeam "FID"]
[WhiteClock "0:24:59"]
[BlackClock "0:27:09"]
[Variant "Standard"]

1. c4 {[%clk 1:30:58]}  e5 {[%clk 1:30:54]} 2. d3 {[%clk 1:31:22]}  Nc6 {[%clk 1:30:53]} 3. Nf3 {[%clk 1:31:33]}  Nf6 {[%clk 1:31:02]} 4. g3 {[%clk 1:31:37]}  d5 {[%clk 1:31:08]} 5. cxd5 {[%clk 1:31:57]}  Nxd5 {[%clk 1:31:32]} 6. Bg2 {[%clk 1:32:14]}  Be7 {[%clk 1:31:10]} 7. O-O {[%clk 1:32:33]}  O-O {[%clk 1:31:26]} 8. a3 {[%clk 1:32:22]}  Re8 {[%clk 1:26:44]} 9. Nc3 {[%clk 1:26:57]}  Nb6 {[%clk 1:27:05]} 10. Qc2 {[%clk 1:24:24]}  Bg4 {[%clk 1:21:03]} 11. Be3 {[%clk 1:10:23]}  Rb8 {[%clk 1:13:27]} 12. b4 {[%clk 1:03:20]}  Bf8 {[%clk 1:04:30]} 13. Rfe1 {[%clk 0:46:39]}  Qd7 {[%clk 0:56:14]} 14. Ne4 {[%clk 0:28:24]}  Bxf3 {[%clk 0:42:14]} 15. Bxf3 {[%clk 0:27:46]}  Qd4 {[%clk 0:39:42]} 16. Nc3 {[%clk 0:17:53]}  Qd7 {[%clk 0:26:36]} 17. Kf1 {[%clk 0:06:21]}  h6 {[%clk 0:27:09]} 18. g4 {[%clk 0:24:59]} 1-0

[Event "Amateur Tournament (ATO)"]
[Site "https://www.chess.com"]
[Date "2025.07.21"]
[Round "6"]
[White "Jud, Marc"]
[Black "Kuenzli, Simon"]
[Result "1/2-1/2"]
[Board "2"]
[WhiteFideId "1309099"]
[BlackFideId "1308475"]
[WhiteElo "1958"]
[BlackElo "1993"]
[WhiteTeam "SUI"]
[BlackTeam "SUI"]
[WhiteClock "1:06:50"]
[BlackClock "0:53:20"]
[Variant "Standard"]

1. Nf3 {[%clk 1:30:51]}  d5 {[%clk 1:30:37]} 2. e3 {[%clk 1:31:08]}  Nf6 {[%clk 1:30:56]} 3. d4 {[%clk 1:31:13]}  c6 {[%clk 1:30:50]} 4. c4 {[%clk 1:31:11]}  e6 {[%clk 1:29:14]} 5. Bd3 {[%clk 1:30:47]}  Nbd7 {[%clk 1:29:16]} 6. O-O {[%clk 1:30:33]}  Be7 {[%clk 1:29:08]} 7. b3 {[%clk 1:30:32]}  O-O {[%clk 1:28:55]} 8. Bb2 {[%clk 1:30:47]}  b6 {[%clk 1:26:58]} 9. Nbd2 {[%clk 1:30:49]}  Bb7 {[%clk 1:24:22]} 10. e4 {[%clk 1:29:39]}  dxe4 {[%clk 1:23:47]} 11. Nxe4 {[%clk 1:29:55]}  c5 {[%clk 1:24:15]} 12. Qe2 {[%clk 1:29:55]}  Nxe4 {[%clk 1:18:29]} 13. Bxe4 {[%clk 1:29:12]}  Bxe4 {[%clk 1:18:31]} 14. Qxe4 {[%clk 1:29:34]}  Bf6 {[%clk 1:15:10]} 15. Rad1 {[%clk 1:28:15]}  Qc7 {[%clk 1:14:07]} 16. Qe2 {[%clk 1:24:23]}  Rad8 {[%clk 1:10:01]} 17. Rfe1 {[%clk 1:16:51]}  Rfe8 {[%clk 0:57:57]} 18. d5 {[%clk 1:13:08]}  Bxb2 {[%clk 0:57:10]} 19. Qxb2 {[%clk 1:13:23]}  exd5 {[%clk 0:56:51]} 20. Rxe8+ {[%clk 1:11:43]}  Rxe8 {[%clk 0:57:13]} 21. Rxd5 {[%clk 1:10:52]}  Nf6 {[%clk 0:57:18]} 22. Rd1 {[%clk 1:09:04]}  h6 {[%clk 0:53:20]} 23. h3 {[%clk 1:06:50]} 1/2-1/2

[Event "Amateur Tournament (ATO)"]
[Site "https://www.chess.com"]
[Date "2025.07.21"]
[Round "6"]
[White "Conrad, Vincent"]
[Black "Bangerter, Ena"]
[Result "1-0"]
[Board "3"]
[WhiteFideId "1312332"]
[BlackFideId "1344102"]
[BlackTitle "WCM"]
[WhiteElo "1915"]
[BlackElo "1852"]
[WhiteTeam "SUI"]
[BlackTeam "SUI"]
[WhiteClock "0:18:01"]
[BlackClock "0:40:15"]
[Variant "Standard"]

1. Nf3 {[%clk 1:29:17]}  d5 {[%clk 1:30:30]} 2. d4 {[%clk 1:29:17]}  e6 {[%clk 1:30:41]} 3. c4 {[%clk 1:29:37]}  Nf6 {[%clk 1:30:56]} 4. g3 {[%clk 1:29:59]}  Be7 {[%clk 1:31:13]} 5. Bg2 {[%clk 1:30:14]}  c6 {[%clk 1:31:33]} 6. Qc2 {[%clk 1:29:15]}  Nbd7 {[%clk 1:31:23]} 7. Nbd2 {[%clk 1:29:12]}  b6 {[%clk 1:29:48]} 8. O-O {[%clk 1:28:57]}  O-O {[%clk 1:27:08]} 9. e4 {[%clk 1:28:55]}  dxc4 {[%clk 1:27:26]} 10. Qxc4 {[%clk 1:28:53]}  Bb7 {[%clk 1:21:42]} 11. e5 {[%clk 1:28:12]}  Nd5 {[%clk 1:19:13]} 12. Ne4 {[%clk 1:25:37]}  c5 {[%clk 1:16:55]} 13. dxc5 {[%clk 1:19:02]}  Nxc5 {[%clk 1:17:23]} 14. Nfg5 {[%clk 0:50:24]}  Re8 {[%clk 1:02:18]} 15. h4 {[%clk 0:18:01]}  h6 {[%clk 0:40:15]} 1-0

[Event "Amateur Tournament (ATO)"]
[Site "https://www.chess.com"]
[Date "2025.07.21"]
[Round "6"]
[White "Tereshchenko, Eva"]
[Black "Lavorgna, Giovanni"]
[Result "1-0"]
[Board "4"]
[WhiteFideId "34389903"]
[BlackFideId "11800100"]
[BlackTitle "CM"]
[WhiteElo "1809"]
[BlackElo "1912"]
[WhiteTeam "FID"]
[BlackTeam "ITA"]
[WhiteClock "0:27:07"]
[BlackClock "0:24:52"]
[Variant "Standard"]

1. e4 {[%clk 1:30:57]}  c5 {[%clk 1:30:46]} 2. Nf3 {[%clk 1:31:22]}  Nc6 {[%clk 1:30:58]} 3. Bb5 {[%clk 1:31:47]}  Qb6 {[%clk 1:30:59]} 4. Nc3 {[%clk 1:32:05]}  e6 {[%clk 1:30:47]} 5. O-O {[%clk 1:32:21]}  Nge7 {[%clk 1:30:03]} 6. Re1 {[%clk 1:32:18]}  a6 {[%clk 1:29:10]} 7. Bf1 {[%clk 1:32:29]}  Qc7 {[%clk 1:26:28]} 8. b3 {[%clk 1:31:18]}  b5 {[%clk 1:24:53]} 9. Bb2 {[%clk 1:30:04]}  Bb7 {[%clk 1:24:23]} 10. d4 {[%clk 1:23:36]}  cxd4 {[%clk 1:21:57]} 11. Nxd4 {[%clk 1:23:57]}  Nxd4 {[%clk 1:21:51]} 12. Qxd4 {[%clk 1:24:18]}  Nc6 {[%clk 1:21:38]} 13. Nd5 {[%clk 1:16:58]}  Qd8 {[%clk 1:18:50]} 14. Qe3 {[%clk 1:14:40]}  Ne7 {[%clk 1:13:52]} 15. Nxe7 {[%clk 1:09:45]}  Qxe7 {[%clk 1:07:49]} 16. a4 {[%clk 1:07:39]}  b4 {[%clk 1:05:50]} 17. Qb6 {[%clk 1:06:38]}  Bc8 {[%clk 0:55:50]} 18. Bc4 {[%clk 1:03:55]}  Qd8 {[%clk 0:53:06]} 19. Qe3 {[%clk 1:00:56]}  Qc7 {[%clk 0:52:02]} 20. Qg5 {[%clk 0:58:21]}  Qd8 {[%clk 0:46:48]} 21. Qg3 {[%clk 0:57:38]}  Qe7 {[%clk 0:44:47]} 22. Bd5 {[%clk 0:56:31]}  Ra7 {[%clk 0:43:34]} 23. Bd4 {[%clk 0:56:37]}  d6 {[%clk 0:42:25]} 24. Bxa7 {[%clk 0:56:01]}  Qxa7 {[%clk 0:42:44]} 25. Bc4 {[%clk 0:51:19]}  Qe7 {[%clk 0:41:29]} 26. Qd3 {[%clk 0:50:43]}  Qa7 {[%clk 0:40:54]} 27. c3 {[%clk 0:49:15]}  Be7 {[%clk 0:39:47]} 28. cxb4 {[%clk 0:48:14]}  O-O {[%clk 0:39:48]} 29. b5 {[%clk 0:46:51]}  a5 {[%clk 0:39:35]} 30. Qe3 {[%clk 0:39:11]}  Bd7 {[%clk 0:38:36]} 31. Rac1 {[%clk 0:39:11]}  Qb7 {[%clk 0:38:36]} 32. Be2 {[%clk 0:39:11]}  Bc8 {[%clk 0:39:17]} 33. Bc4 {[%clk 0:41:44]}  Bd7 {[%clk 0:38:36]} 34. Be2 {[%clk 0:39:11]}  Bc8 {[%clk 0:38:37]} 35. Bc4 {[%clk 0:42:10]}  Bd7 {[%clk 0:38:37]} 36. Be2 {[%clk 0:39:11]}  h6 {[%clk 0:36:40]} 37. Qc3 {[%clk 0:36:20]}  Bd8 {[%clk 0:32:45]} 38. Red1 {[%clk 0:32:39]}  d5 {[%clk 0:31:39]} 39. exd5 {[%clk 0:32:01]}  exd5 {[%clk 0:31:48]} 40. Bf3 {[%clk 0:31:55]}  Be6 {[%clk 0:31:38]} 41. Qc6 {[%clk 0:30:53]}  Qxc6 {[%clk 0:30:50]} 42. Rxc6 {[%clk 0:30:28]}  d4 {[%clk 0:30:14]} 43. Rxd4 {[%clk 0:30:12]}  Bxb3 {[%clk 0:29:22]} 44. b6 {[%clk 0:29:50]}  Bf6 {[%clk 0:29:14]} 45. Rg4 {[%clk 0:28:42]}  Be6 {[%clk 0:25:43]} 46. Rf4 {[%clk 0:27:45]}  Bg5 {[%clk 0:25:40]} 47. Rd4 {[%clk 0:27:35]}  Bf6 {[%clk 0:25:34]} 48. Rd3 {[%clk 0:27:40]}  Bf5 {[%clk 0:24:52]} 49. Rd5 {[%clk 0:27:07]} 1-0

[Event "Amateur Tournament (ATO)"]
[Site "https://www.chess.com"]
[Date "2025.07.21"]
[Round "6"]
[White "Anetov, Aisultan"]
[Black "Haas, Anthony"]
[Result "0-1"]
[Board "7"]
[WhiteFideId "13784943"]
[BlackFideId "1346407"]
[WhiteElo "1584"]
[BlackElo "1883"]
[WhiteTeam "KAZ"]
[BlackTeam "SUI"]
[WhiteClock "0:42:49"]
[BlackClock "0:02:05"]
[Variant "Standard"]

1. e4 {[%clk 1:30:02]}  e6 {[%clk 1:30:55]} 2. d4 {[%clk 1:30:25]}  d5 {[%clk 1:31:22]} 3. e5 {[%clk 1:30:48]}  c5 {[%clk 1:31:48]} 4. c3 {[%clk 1:31:14]}  Nc6 {[%clk 1:31:43]} 5. Nf3 {[%clk 1:31:39]}  Qb6 {[%clk 1:32:35]} 6. Bd3 {[%clk 1:32:03]}  cxd4 {[%clk 1:32:22]} 7. O-O {[%clk 1:32:19]}  Bd7 {[%clk 1:31:17]} 8. Re1 {[%clk 1:32:41]}  Nge7 {[%clk 1:27:05]} 9. h4 {[%clk 1:33:02]}  dxc3 {[%clk 1:17:17]} 10. Nxc3 {[%clk 1:33:25]}  a6 {[%clk 1:06:46]} 11. Rb1 {[%clk 1:27:41]}  Qc7 {[%clk 0:55:54]} 12. Bf4 {[%clk 1:25:32]}  Ng6 {[%clk 0:42:54]} 13. Bg3 {[%clk 1:25:54]}  Bc5 {[%clk 0:40:19]} 14. Rc1 {[%clk 1:18:27]}  Nge7 {[%clk 0:30:56]} 15. a3 {[%clk 1:16:47]}  Ba7 {[%clk 0:29:03]} 16. b4 {[%clk 1:15:22]}  b5 {[%clk 0:27:49]} 17. a4 {[%clk 1:13:25]}  Qb7 {[%clk 0:22:49]} 18. axb5 {[%clk 1:10:39]}  Nxb4 {[%clk 0:23:06]} 19. bxa6 {[%clk 1:08:53]}  Nxa6 {[%clk 0:21:07]} 20. Rb1 {[%clk 1:04:13]}  Qc8 {[%clk 0:17:10]} 21. Nb5 {[%clk 1:02:53]}  Bxb5 {[%clk 0:16:42]} 22. Bxb5+ {[%clk 1:00:56]}  Kf8 {[%clk 0:17:04]} 23. Qd2 {[%clk 0:55:21]}  Nc5 {[%clk 0:14:49]} 24. Bd3 {[%clk 0:53:40]}  Nxd3 {[%clk 0:11:50]} 25. Qxd3 {[%clk 0:53:58]}  g6 {[%clk 0:09:29]} 26. Bf4 {[%clk 0:51:23]}  h6 {[%clk 0:08:09]} 27. Ra1 {[%clk 0:44:30]}  Bb6 {[%clk 0:07:18]} 28. Rab1 {[%clk 0:44:09]}  Qa6 {[%clk 0:06:14]} 29. Qd2 {[%clk 0:35:02]}  Ba5 {[%clk 0:05:37]} 30. Bxh6+ {[%clk 0:34:59]}  Ke8 {[%clk 0:03:25]} 31. Qf4 {[%clk 0:33:59]}  Bxe1 {[%clk 0:03:13]} 32. Rxe1 {[%clk 0:34:24]}  Nf5 {[%clk 0:03:15]} 33. Bg5 {[%clk 0:34:31]}  Kd7 {[%clk 0:02:16]} 34. g4 {[%clk 0:24:35]}  Rhc8 {[%clk 0:02:04]} 35. Kg2 {[%clk 0:18:34]}  Nd4 {[%clk 0:02:05]} 36. Qxf7+ {[%clk 0:42:49]} 0-1

[Event "Amateur Tournament (ATO)"]
[Site "https://www.chess.com"]
[Date "2025.07.21"]
[Round "6"]
[White "Ye, Zhanting K."]
[Black "Hofmann, Hans"]
[Result "0-1"]
[Board "8"]
[WhiteFideId "2533235"]
[BlackFideId "1332503"]
[WhiteElo "1857"]
[BlackElo "1932"]
[WhiteTeam "IRL"]
[BlackTeam "SUI"]
[WhiteClock "0:46:40"]
[BlackClock "0:12:15"]
[Variant "Standard"]

1. e4 {[%clk 1:30:54]}  c6 {[%clk 1:30:49]} 2. d4 {[%clk 1:31:15]}  d5 {[%clk 1:30:58]} 3. e5 {[%clk 1:31:39]}  Bf5 {[%clk 1:31:00]} 4. Nc3 {[%clk 1:31:55]}  e6 {[%clk 1:30:58]} 5. g4 {[%clk 1:32:04]}  Bg6 {[%clk 1:31:11]} 6. Nge2 {[%clk 1:32:25]}  h6 {[%clk 1:26:28]} 7. Be3 {[%clk 1:28:05]}  Nd7 {[%clk 1:22:57]} 8. Nf4 {[%clk 1:22:49]}  Bh7 {[%clk 1:14:33]} 9. Bd3 {[%clk 1:22:20]}  Bxd3 {[%clk 1:14:54]} 10. Qxd3 {[%clk 1:20:36]}  Ne7 {[%clk 1:08:00]} 11. Nce2 {[%clk 1:10:07]}  Qa5+ {[%clk 0:58:43]} 12. c3 {[%clk 1:06:24]}  c5 {[%clk 0:55:38]} 13. O-O {[%clk 1:06:10]}  c4 {[%clk 0:43:35]} 14. Qb1 {[%clk 1:03:41]}  b5 {[%clk 0:37:42]} 15. b4 {[%clk 1:00:55]}  Qa4 {[%clk 0:35:36]} 16. Qb2 {[%clk 0:54:09]}  Nb6 {[%clk 0:35:39]} 17. Nh5 {[%clk 0:49:40]}  Ng8 {[%clk 0:30:25]} 18. f4 {[%clk 0:48:05]}  g6 {[%clk 0:28:50]} 19. Nf6+ {[%clk 0:46:23]}  Nxf6 {[%clk 0:28:04]} 20. exf6 {[%clk 0:46:40]}  Rg8 {[%clk 0:12:15]} 0-1